О предоставлении права на заштатное жалованье лицам учебно-воспитательного персонала женских гимназий и прогимназий, увольняемым от должностей по случаю упразднения оных (Запись № 11626077)
[ простой вид ]
| 000 -МАРКЕР | |
|---|---|
| контрольное поле | 02115nam0a2200337 4500 |
| 001 - ИДЕНТИФИКАТОР ЗАПИСИ | |
| контрольное поле | RU\NLR\BIBL_A\012046245 |
| 005 - ИДЕНТИФИКАТОР ВЕРСИИ | |
| контрольное поле | 20260407115659.0 |
| 035 ## - ДРУГИЕ СИСТЕМНЫЕ НОМЕРА | |
| Идентификатор записи | (NLR Aleph) 012046245 |
| 100 ## - ДАННЫЕ ОБЩЕЙ ОБРАБОТКИ | |
| Данные общей обработки | 20190625d1897 |||y0rusy50 ca |
| 101 0# - ЯЗЫК РЕСУРСА | |
| Язык текста, звукозаписи и т.д. | русский |
| 102 ## - СТРАНА ПУБЛИКАЦИИ ИЛИ ПРОИЗВОДСТВА | |
| Страна публикации | Российская Федерация |
| 105 ## - ПОЛЕ КОДИРОВАННЫХ ДАННЫХ: ТЕКСТОВЫЕ МАТЕРИАЛЫ, МОНОГРАФИЧЕСКИЕ | |
| Кодированные данные о монографическом текстовом документе | y z 000zy |
| 200 1# - ЗАГЛАВИЕ И СВЕДЕНИЯ ОБ ОТВЕТСТВЕННОСТИ | |
| Основное заглавие | О предоставлении права на заштатное жалованье лицам учебно-воспитательного персонала женских гимназий и прогимназий, увольняемым от должностей по случаю упразднения оных |
| Сведения, относящиеся к заглавию | в Государственный Совет |
| Первые сведения об ответственности | Министерство Народного Просвещения. Департамент. Разряд Женских Учебных Заведений. 18 сентября 1897 года. № 24966 |
| 210 ## - ПУБЛИКАЦИЯ, РАСПРОСТРАНЕНИЕ И ДР. | |
| Место издания, распространения и т.д. | [Санкт-Петербург |
| Имя издателя, распространителя и т. д. | б. и.] |
| Дата издания, распространения и т.д. | 1897 |
| 215 ## - ФИЗИЧЕСКАЯ ХАРАКТЕРИСТИКА | |
| Специфическое обозначение материала и объем | 5 с. |
| Размеры | 34 |
| 300 ## - ОБЩИЕ ПРИМЕЧАНИЯ | |
| Текст примечания | В конце текста: Подписал: Министр Народного Просвещения, Статс-Секретарь Граф Делянов; Скрепил: Директор В. Латышев |
| 300 ## - ОБЩИЕ ПРИМЕЧАНИЯ | |
| Текст примечания | На стр.: 1, 5: DCL, 2 |
| 309 ## - ПРИМЕЧАНИЯ ОБ ОСНОВНОМ ИСТОЧНИКЕ ИНФОРМАЦИИ И ОБ ОСОБЕННОСТЯХ ПОЛИГРАФИЧЕСКОГО ОФОРМЛЕНИЯ ИЗДАНИЯ | |
| Текст примечания | Без тит. л. и обл. |
| 606 1# - НАИМЕНОВАНИЕ ТЕМЫ КАК ПРЕДМЕТ | |
| Наименование темы | Женские гимназии |
| Тематический подзаголовок | Преподаватели |
| -- | Заработная плата |
| Системный номер авторитетной/нормативной записи | 2420871 |
| Идентификатор авторитетной/нормативной записи | RU\NLR\AUTH\6601660342 |
| 686 3# - ИНДЕКСЫ ДРУГИХ КЛАССИФИКАЦИЙ | |
| Индекс | Ч424(28)735.1 |
| 702 #1 - ИМЯ ЛИЦА - ВТОРИЧНАЯ ОТВЕТСТВЕННОСТЬ | |
| Код отношения | Подписавшее лицо |
| Материалы, к которым относится поле | rus |
| Графика поля | Кириллица |
| Начальный элемент ввода | Делянов |
| Часть имени, кроме начального элемента ввода | И. Д. |
| Даты | 1818-1897 |
| Расширение инициалов личного имени | Иван Давыдович |
| Идентификатор авторитетной/нормативной записи | RU\NLR\AUTH\7785868 |
| Системный номер авторитетной/нормативной записи | 68796 |
| 702 #1 - ИМЯ ЛИЦА - ВТОРИЧНАЯ ОТВЕТСТВЕННОСТЬ | |
| Код отношения | Подписавшее лицо |
| Материалы, к которым относится поле | rus |
| Графика поля | Кириллица |
| Начальный элемент ввода | Латышев |
| Часть имени, кроме начального элемента ввода | В. В. |
| Даты | 1855-1921 |
| Расширение инициалов личного имени | Василий Васильевич |
| Идентификатор авторитетной/нормативной записи | RU\NLR\AUTH\7788197 |
| Системный номер авторитетной/нормативной записи | 71125 |
| 711 01 - НАИМЕНОВАНИЕ ОРГАНИЗАЦИИ - АЛЬТЕРНАТИВНАЯ ОТВЕТСТВЕННОСТЬ | |
| Начальный элемент ввода | Россия |
| Структурное подразделение | Департамент народного просвещения |
| Идентификатор авторитетной/нормативной записи | RU\NLR\AUTH\889931876 |
| Системный номер авторитетной/нормативной записи | 359137 |
| 711 01 - НАИМЕНОВАНИЕ ОРГАНИЗАЦИИ - АЛЬТЕРНАТИВНАЯ ОТВЕТСТВЕННОСТЬ | |
| Начальный элемент ввода | Россия |
| Структурное подразделение | Государственный совет |
| Идентификатор авторитетной/нормативной записи | RU\NLR\AUTH\889948587 |
| Системный номер авторитетной/нормативной записи | 392796 |
| 852 ## - МЕСТОНАХОЖДЕНИЕ И ШИФР ХРАНЕНИЯ | |
| Идентификатор организации | NLR |
| Шифр хранения (Call Number) | 135/294-319(41) |
| 942 ## - ДОПОЛНИТЕЛЬНЫЕ ЭЛЕМЕНТЫ ЗАПИСИ (АБИС) | |
| Тип экземпляра АБИС | Книга |
| 980 ## - КОЛЛЕКЦИЯ | |
| Название коллекции | Национальная библиография |
Нет доступных экземпляров.